书目信息 |
| 题名: |
管理定量分析:方法与技术
|
|
| 作者: | 李玲 , 刘兰剑 著 | |
| 分册: | ||
| 出版信息: | 北京 中国人民大学出版社 2013 |
|
| 页数: | 337页 | |
| 开本: | 20cm | |
| 丛书名: | 公共管理系列教材 | |
| 单 册: | ||
| 中图分类: | C93-03 | |
| 科图分类: | ||
| 主题词: | 管理学 | |
| 电子资源: | ||
| ISBN: | 978-7-300-18108-0 | |
| 000 | 00694nam0 2200217 450 | |
| 001 | 1734993170 | |
| 005 | 20170405094313.18 | |
| 010 | @a978-7-300-18108-0@d¥45.00 | |
| 100 | @a20170405d km y0chiy0120 ea | |
| 101 | 0 | @achi |
| 200 | 1 | @a管理定量分析:方法与技术@Aguan li ding liang fen xi:fang fa yu ji shu@f刘兰剑,李玲著@Fliu lan jian,li ling zhu |
| 210 | @a北京@c中国人民大学出版社@d2013 | |
| 215 | @a337页@d20cm | |
| 225 | 2 | @a公共管理系列教材 |
| 410 | 0 | @12001 @a公共管理系列教材 |
| 606 | 0 | @a管理学 |
| 690 | @aC93-03@v4 | |
| 701 | 0 | @a李玲@Ali ling@4著 |
| 701 | 0 | @a刘兰剑@Aliu lan jian@4著 |
| 801 | 0 | @aCN@b大连网信软件有限公司图书馆·11@c20170405 |
| 905 | @b6705863@dC93-03@eS24@f1 | |
| 管理定量分析:方法与技术/刘兰剑,李玲著.-北京:中国人民大学出版社,2013 |
| 337页;20cm.-(公共管理系列教材) |
| ISBN 978-7-300-18108-0:¥45.00 |
| ● |
| 相关链接 |
|
|
|
|
正题名:管理定量分析:方法与技术
索取号:C93-03/S24
 
预约/预借
| 序号 | 登录号 | 条形码 | 馆藏地/架位号 | 状态 | 备注 |
| 1 | 6705863 | 267058630 | 数信系资料室/ [索取号:C93-03/S24] | 在馆 |